| 000 -LEADER |
| fixed length control field |
00846cam a22002894a 4500 |
| 001 - CONTROL NUMBER |
| control field |
13652110 |
| 005 - DATE AND TIME OF LATEST TRANSACTION |
| control field |
20180829042443.0 |
| 008 - FIXED-LENGTH DATA ELEMENTS--GENERAL INFORMATION |
| fixed length control field |
040712s2006 caua j 000 0 eng |
| 010 ## - LIBRARY OF CONGRESS CONTROL NUMBER |
| LC control number |
2004016341 |
| 020 ## - INTERNATIONAL STANDARD BOOK NUMBER |
| International Standard Book Number |
9780811854030 |
| 020 ## - INTERNATIONAL STANDARD BOOK NUMBER |
| International Standard Book Number |
0811854035 |
| 020 ## - INTERNATIONAL STANDARD BOOK NUMBER |
| International Standard Book Number |
2020694190 |
| 020 ## - INTERNATIONAL STANDARD BOOK NUMBER |
| International Standard Book Number |
9782020694193 |
| 035 ## - SYSTEM CONTROL NUMBER |
| System control number |
(OCoLC)ocm55955431 |
| 040 ## - CATALOGING SOURCE |
| Original cataloging agency |
DLC |
| Transcribing agency |
DLC |
| Modifying agency |
IG# |
| -- |
BAKER |
| -- |
OCO |
| -- |
GK8 |
| -- |
EHH |
| -- |
OCLCG |
| -- |
VP@ |
| -- |
DLC |
| 041 1# - LANGUAGE CODE |
| Language code of text/sound track or separate title |
eng |
| 042 ## - AUTHENTICATION CODE |
| Authentication code |
pcc |
| -- |
lcac |
| 080 ## - UNIVERSAL DECIMAL CLASSIFICATION NUMBER |
| Universal Decimal Classification number |
759 |
| 082 00 - DEWEY DECIMAL CLASSIFICATION NUMBER |
| Classification number |
759 |
| Edition number |
22 |
| 100 1# - Rafti |
| Rafti |
43 |
| 101 ## - Shkurtesa |
| Shkurtesa |
ART |
| 240 10 - UNIFORM TITLE |
| Uniform title |
<a href="Chefs d'oeuvre à la loupe.">Chefs d'oeuvre à la loupe.</a> |
| Language of a work |
English |
| 245 10 - TITLE STATEMENT |
| Title |
Masterpieces up close / |
| Statement of responsibility, etc |
by Claire d'Harcourt. |
| 906 ## - LOCAL DATA ELEMENT F, LDF (RLIN) |
| a |
7 |
| b |
cbc |
| c |
orignew |
| d |
1 |
| e |
ecip |
| f |
20 |
| g |
y-gencatlg |
| 942 ## - ADDED ENTRY ELEMENTS (KOHA) |
| Source of classification or shelving scheme |
|
| Item type |
Books |